[Event "TCh-CHN 2019"]
[Site "China CHN"]
[Date "2019.08.23"]
[Round "15.6"]
[Board "4"]
[White "Javakhishvili, Lela"]
[Black "Li, Xueyi"]
[Result "1-0"]
[WhiteTitle "IM"]
[BlackTitle "WGM"]
[WhiteElo "2463"]
[BlackElo "2296"]
[WhiteTeam "Chongqing Jiulongpo Yucai Chess team"]
[BlackTeam "Guangdong Shenzhen Longgang Chess team"]
[WhiteFideId "13601458"]
[BlackFideId "8605912"]
[EventDate "2019.04.09"]

1. c4 c6 2. Nf3 d5 3. d4 Nf6 4. e3 g6 5. Nc3 Bg7 6. Bd3 O-O 7. O-O Nbd7 8. b3 b6
9. a4 dxc4 10. bxc4 c5 11. Bb2 cxd4 12. exd4 Bb7 13. Re1 Re8 14. a5 Nf8 15. Ne5
Qc8 16. Qa4 Nh5 17. Bf1 bxa5 18. c5 Rb8 19. Ba3 Ba8 20. d5 Bxe5 21. Rxe5 Nd7 22.
Rxh5 gxh5 23. c6 Nf6 24. Qxa5 Qf5 25. Qc5 Qe5 26. Rd1 Ng4 27. g3 h4 28. Qd4 Qxd4
29. Rxd4 Ne5 30. Re4 Nf3+ 31. Kg2 Nd2 32. Rg4+ Kh8 33. Bb5 a6 34. Ba4 Nb1 35.
Nxb1 Rxb1 36. Rxh4 f6 37. Bc2 Rb5 38. Bxh7 Kg7 39. Be4 Rd8 40. Rh7+ Kg8 41. Rxe7
Rb3 42. c7 Rc8 43. d6 Bxe4+ 44. Rxe4 Rd3 45. Re3 Rd5 46. Rb3 1-0

[Event "TCh-CHN 2019"]
[Site "China CHN"]
[Date "2019.08.23"]
[Round "15.6"]
[Board "5"]
[White "Zhang, Lanlin"]
[Black "Ushenina, Anna"]
[Result "1-0"]
[BlackTitle "GM"]
[WhiteElo "2173"]
[BlackElo "2416"]
[WhiteTeam "Chongqing Jiulongpo Yucai Chess team"]
[BlackTeam "Guangdong Shenzhen Longgang Chess team"]
[WhiteFideId "8608032"]
[BlackFideId "14110911"]
[EventDate "2019.04.09"]

1. e4 c5 2. Nf3 e6 3. d4 cxd4 4. Nxd4 a6 5. Nc3 d6 6. Be3 b5 7. a3 Nf6 8. f3
Nbd7 9. Qd2 Qc7 10. g4 h6 11. h4 Bb7 12. Rg1 Ne5 13. g5 hxg5 14. hxg5 Nfd7 15.
g6 Nb6 16. O-O-O Nbc4 17. Qe1 Nxg6 18. Rxg6 Nxe3 19. Qxe3 fxg6 20. Nxe6 Qc8 21.
Nd5 Bxd5 22. exd5 Kf7 23. Bd3 Rh6 24. Rg1 Qd7 25. Qf4+ Kg8 26. Bxg6 Qa7 27. Rg2
Qe7 28. Kb1 Qf6 29. Qe4 Rc8 30. Rg5 Kh8 31. Qg4 Be7 32. Be4 Rg8 33. Qg1 Rh4 34.
Qa7 Rh6 35. Qxa6 b4 36. axb4 Rh1+ 37. Ka2 Qh6 38. Rg2 Bf6 39. f4 Qh3 40. Ng5
Bxg5 41. Rxg5 Rh2 42. Bd3 Qe3 43. Qxd6 Ra8+ 44. Kb3 Rxc2 45. Rh5+ Kg8 46. Qe6+
Qxe6 47. dxe6 Rc7 48. Bc4 g6 49. Rg5 Kg7 50. Bd3 Rd8 51. Rxg6+ Kf8 52. Rg3 Rb7
53. f5 Rd4 54. b5 Rxd3+ 55. Rxd3 Rxb5+ 56. Kc4 Rxf5 57. Re3 Ke7 58. b4 Rf6 59.
b5 Rxe6 60. Rxe6+ Kxe6 61. Kc5 Kd7 62. Kb6 Kc8 63. Ka7 Kc7 64. b6+ 1-0

[Event "TCh-CHN 2019"]
[Site "China CHN"]
[Date "2019.11.21"]
[Round "16.1"]
[Board "1"]
[White "Zhao, Jun"]
[Black "Riazantsev, Alexander"]
[Result "1/2-1/2"]
[WhiteTitle "GM"]
[BlackTitle "GM"]
[WhiteElo "2639"]
[BlackElo "2639"]
[WhiteTeam "Shandong Jingzhi team"]
[BlackTeam "Guangdong Shenzhen Longgang Chess team"]
[WhiteFideId "8602522"]
[BlackFideId "4125029"]
[EventDate "2019.04.09"]

1. d4 d5 2. c4 e6 3. Nc3 Nf6 4. Bg5 Be7 5. e3 h6 6. Bxf6 Bxf6 7. cxd5 exd5 8.
Bd3 O-O 9. Nge2 c6 10. b4 Be7 11. b5 cxb5 12. Bxb5 Be6 13. O-O Nd7 14. Nf4 Nf6
15. Bd3 Bd6 16. Nxe6 fxe6 17. g3 Rc8 18. Ne2 g5 19. Qb3 Qd7 20. Nc3 Kh8 21. e4
dxe4 22. Nxe4 Nxe4 23. Bxe4 b6 24. Rae1 Rf6 25. Bg2 Bf8 26. Re4 Qd5 27. Qa4 Qc6
28. Qa6 b5 29. Qxa7 Ra8 30. Rxe6 Rxa7 31. Rxc6 Rxc6 32. Bxc6 Rxa2 33. Bxb5 Rd2
34. Bc6 Rxd4 35. Rc1 Ba3 36. Rc3 Bb4 37. Rf3 Rd6 38. Be4 Bc5 39. Rc3 Bb6 40. Kg2
Rd2 41. Rc6 Bxf2 42. Rxh6+ Kg7 43. Rg6+ Kf7 44. Kf3 Be1 45. Rh6 Rd4 46. Rh7+ Kf6
47. Ke3 Bf2+ 48. Kf3 g4+ 49. Kf4 Bg1 50. Rh6+ Kg7 51. Rh4 Kf6 52. Rh6+ Kg7 53.
Rg6+ Kf7 54. Rxg4 Bxh2 55. Ke5 Rd2 56. Bd5+ Ke7 57. Rg7+ Kf8 58. Rf7+ Ke8 59.
Rf3 Rf2 60. Rb3 Kf8 61. Be4 Kg7 62. Bf5 Re2+ 63. Kf4 Rg2 64. Be4 Rxg3 65. Rxg3+
Bxg3+ 1/2-1/2

[Event "TCh-CHN 2019"]
[Site "China CHN"]
[Date "2019.11.21"]
[Round "16.1"]
[Board "3"]
[White "Liu, Qingnan"]
[Black "Xu, Yinglun"]
[Result "1/2-1/2"]
[WhiteTitle "GM"]
[BlackTitle "GM"]
[WhiteElo "2533"]
[BlackElo "2555"]
[WhiteTeam "Shandong Jingzhi team"]
[BlackTeam "Guangdong Shenzhen Longgang Chess team"]
[WhiteFideId "8603294"]
[BlackFideId "8604940"]
[EventDate "2019.04.09"]

1. e4 e6 2. d4 d5 3. Nc3 Nf6 4. e5 Nfd7 5. f4 c5 6. Nf3 Nc6 7. Be3 a6 8. Qd2 b5
9. Bd3 Be7 10. dxc5 Nxc5 11. Qf2 d4 12. Nxd4 Nxd3+ 13. cxd3 Bb7 14. O-O Rc8 15.
Nxc6 Bxc6 16. f5 exf5 17. Qxf5 O-O 18. Rad1 b4 19. Ne4 Qd5 20. Rf3 Bd7 21. Qf4
f5 22. exf6 Bxf6 23. Nxf6+ Rxf6 24. Qe4 Qxe4 25. dxe4 Bc6 26. Rxf6 gxf6 27. Rd6
Bxe4 28. Rxf6 Rc2 29. g3 h5 30. Rf4 Bd5 31. Rxb4 Bxa2 32. Rh4 Bf7 33. Bd4 Re2
34. Bc3 Bg6 35. Ra4 Bd3 36. Rd4 Bb5 37. Rd6 Rc2 38. Rh6 Rc1+ 39. Kg2 Rc2+ 40.
Kh3 Kf7 41. g4 hxg4+ 42. Kxg4 a5 43. Rf6+ Ke7 44. Rb6 Bd7+ 45. Kg3 a4 46. h4 Be8
47. Bf6+ Kd7 48. Be5 Rc4 49. Bf4 Bh5 50. Rb5 Be2 51. Re5 Rc2 52. h5 Rxb2 53. h6
Rb3+ 54. Kh4 Bd3 55. Ra5 Rb4 56. Kg5 Kc6 57. Ra7 Rb5+ 58. Kh4 Rb4 59. Kg4 Re4
60. Rc7+ Kb5 61. Rc3 Bb1 62. Rc8 Bd3 63. Rc3 Bb1 64. Rc7 Bd3 65. Rd7 Kc4 66. h7
Re8 1/2-1/2

[Event "TCh-CHN 2019"]
[Site "China CHN"]
[Date "2019.11.21"]
[Round "16.1"]
[Board "5"]
[White "Li, Xueyi"]
[Black "Stefanova, Antoaneta"]
[Result "1-0"]
[WhiteTitle "WGM"]
[BlackTitle "GM"]
[WhiteElo "2296"]
[BlackElo "2476"]
[WhiteTeam "Guangdong Shenzhen Longgang Chess team"]
[BlackTeam "Shandong Jingzhi team"]
[WhiteFideId "8605912"]
[BlackFideId "2902257"]
[EventDate "2019.04.09"]

1. d4 d5 2. c4 c6 3. Nf3 Nf6 4. Nc3 a6 5. e3 g6 6. Be2 Bg7 7. O-O O-O 8. b3 b6
9. Bb2 Bb7 10. Rc1 e6 11. Nd2 Nbd7 12. e4 Nxe4 13. Ndxe4 dxe4 14. Nxe4 c5 15.
Bf3 Qc7 16. Rc2 cxd4 17. Bxd4 Ne5 18. Bxe5 Bxe5 19. Ng3 Rad8 20. Qe2 Bxf3 21.
Qxf3 Rd4 22. Rd1 Rfd8 23. Rxd4 Rxd4 24. Nf1 Qd6 25. Qe2 Bg7 26. g3 Bh6 27. Qf3
Rd1 28. b4 Qd8 29. c5 bxc5 30. bxc5 Rd7 31. Qa3 Qc8 32. c6 Rc7 33. Qc5 Qb8 34.
Qa5 Qc8 35. Qb6 e5 36. a4 e4 37. Qc5 Bf8 38. Qc4 Qf5 39. Ne3 Qe5 40. Qxa6 Bh6
41. Qb5 Qa1+ 42. Kg2 Kg7 43. Nd5 Qd1 44. Qb2+ Kg8 45. Nf6+ Kf8 46. Qb8+ Ke7 47.
Ng8+ Ke6 48. Qe8+ Kf5 49. Rc5+ 1-0

[Event "TCh-CHN 2019"]
[Site "China CHN"]
[Date "2019.11.21"]
[Round "16.2"]
[Board "2"]
[White "Nie, Xinyang"]
[Black "Ganguly, Surya Shekhar"]
[Result "1/2-1/2"]
[BlackTitle "GM"]
[WhiteElo "2348"]
[BlackElo "2633"]
[WhiteTeam "Chongqing Jiulongpo Yucai Chess team"]
[BlackTeam "Jiangsu team"]
[WhiteFideId "8607222"]
[BlackFideId "5002150"]
[EventDate "2019.04.09"]

1. d4 Nf6 2. c4 e6 3. Nf3 d5 4. Nc3 Bb4 5. cxd5 exd5 6. Bg5 h6 7. Bxf6 Qxf6 8.
Qa4+ Nc6 9. e3 O-O 10. Rc1 Qg6 11. Nh4 Qf6 12. Nf3 Qg6 13. Nh4 Qf6 14. Nf3 Qg6
15. Nh4 Qf6 16. Nf3 Qg6 1/2-1/2

[Event "TCh-CHN 2019"]
[Site "China CHN"]
[Date "2019.11.21"]
[Round "16.2"]
[Board "4"]
[White "Shen, Yang"]
[Black "Huang, Qian"]
[Result "1/2-1/2"]
[WhiteTitle "IM"]
[BlackTitle "WGM"]
[WhiteElo "2402"]
[BlackElo "2429"]
[WhiteTeam "Jiangsu team"]
[BlackTeam "Chongqing Jiulongpo Yucai Chess team"]
[WhiteFideId "8603162"]
[BlackFideId "8602689"]
[EventDate "2019.04.09"]

1. d4 d5 2. Nf3 Nf6 3. c4 c6 4. Qc2 dxc4 5. Qxc4 Bf5 6. g3 e6 7. Bg2 Nbd7 8. O-O
Be7 9. Nc3 O-O 10. Re1 Ne4 11. Qb3 Qb6 12. Bf4 Qxb3 13. axb3 g5 14. Be3 h6 15.
Nxe4 Bxe4 16. Nd2 Bxg2 17. Kxg2 Nb6 18. Nc4 Nxc4 19. bxc4 Rfd8 20. Red1 a6 21.
Rd3 Rd7 22. f3 b5 23. Rb3 bxc4 24. Rb6 Bf6 25. Raxa6 Rxa6 26. Rxa6 Bxd4 27. Bxd4
Rxd4 28. Rxc6 Rd2 29. Kf2 Rxb2 30. Rxc4 Kg7 31. h4 Kg6 32. hxg5 hxg5 33. g4 1/2-1/2

[Event "TCh-CHN 2019"]
[Site "China CHN"]
[Date "2019.11.21"]
[Round "16.2"]
[Board "5"]
[White "Guo, Qi"]
[Black "Javakhishvili, Lela"]
[Result "1/2-1/2"]
[WhiteTitle "IM"]
[BlackTitle "IM"]
[WhiteElo "2406"]
[BlackElo "2463"]
[WhiteTeam "Jiangsu team"]
[BlackTeam "Chongqing Jiulongpo Yucai Chess team"]
[WhiteFideId "8604002"]
[BlackFideId "13601458"]
[EventDate "2019.04.09"]

1. d4 Nf6 2. c4 e6 3. Nf3 d5 4. Nc3 c5 5. cxd5 Nxd5 6. e4 Nxc3 7. bxc3 cxd4 8.
cxd4 Bb4+ 9. Bd2 Bxd2+ 10. Qxd2 O-O 11. Bc4 Nd7 12. O-O b6 13. d5 Nc5 14. Rfe1
Bb7 15. Rad1 Rc8 16. dxe6 Nxe6 17. Bxe6 fxe6 18. Qxd8 Rfxd8 19. Ng5 Rxd1 20.
Rxd1 h6 21. Nxe6 Bxe4 22. f3 Bg6 23. Nd4 Bf7 24. a3 Rc5 25. Kf2 g6 26. Rd3 Kg7
27. g4 h5 28. h4 hxg4 29. fxg4 b5 30. Kg3 a5 31. Nb3 Bxb3 32. Rxb3 b4 33. axb4
Rb5 34. Ra3 axb4 35. Rb3 Kf6 36. Kf4 g5+ 37. hxg5+ Kg6 38. Ke4 Rxg5 39. Kd4
Rxg4+ 40. Kc5 Kf6 41. Rxb4 Rxb4 42. Kxb4 Ke5 1/2-1/2

[Event "TCh-CHN 2019"]
[Site "China CHN"]
[Date "2019.11.21"]
[Round "16.3"]
[Board "2"]
[White "Liu, Yan"]
[Black "Xu, Xiangyu"]
[Result "1/2-1/2"]
[WhiteTitle "GM"]
[BlackTitle "GM"]
[WhiteElo "2513"]
[BlackElo "2582"]
[WhiteTeam "Chongqing Sports lottery chess team"]
[BlackTeam "Chengdu Beilei Youth Chess Club"]
[WhiteFideId "8608962"]
[BlackFideId "8608288"]
[EventDate "2019.04.09"]

1. c4 e5 2. Nc3 d6 3. g3 Be7 4. Bg2 f5 5. d3 Nf6 6. e3 O-O 7. Nge2 c6 8. O-O Be6
9. b3 a5 10. Bb2 Na6 11. Qd2 d5 12. cxd5 Nxd5 13. Nxd5 Bxd5 14. Bxd5+ Qxd5 15.
Qc3 Bf6 16. Qc4 Rfd8 17. d4 exd4 18. Bxd4 Kf7 19. Rac1 Qxc4 20. Rxc4 Nc7 21.
Bxf6 Kxf6 22. Nd4 Rd6 23. Rfc1 g6 24. Rc5 Ne6 25. Nxe6 Kxe6 26. R1c2 Kd7 27. Kg2
b6 28. R5c4 Re8 29. Kf3 Re7 30. h3 Rf7 31. Ke2 Rff6 32. Rh4 Rf7 33. Rhc4 Rff6
34. Rh4 1/2-1/2

[Event "TCh-CHN 2019"]
[Site "China CHN"]
[Date "2019.11.21"]
[Round "16.3"]
[Board "3"]
[White "Zhou, Weiqi"]
[Black "Zhao, Yuanhe"]
[Result "1-0"]
[WhiteTitle "GM"]
[WhiteElo "2592"]
[BlackElo "2470"]
[WhiteTeam "Chongqing Sports lottery chess team"]
[BlackTeam "Chengdu Beilei Youth Chess Club"]
[WhiteFideId "8601674"]
[BlackFideId "8609497"]
[EventDate "2019.04.09"]

1. c4 c5 2. g3 Nc6 3. Bg2 g6 4. Nf3 Bg7 5. Nc3 e6 6. a3 d5 7. b4 dxc4 8. bxc5
Bxc3 9. dxc3 Qxd1+ 10. Kxd1 e5 11. Ke1 Nf6 12. Bg5 Nd7 13. Rd1 h6 14. Be3 Nf6
15. Nxe5 Nxe5 16. Bd4 Nfd7 17. f4 O-O 18. fxe5 Nb8 19. Rb1 Nc6 20. Rf1 Rd8 21.
e3 Re8 22. Kd2 Re7 23. Bd5 Be6 24. Bxe6 fxe6 25. Rf6 Kg7 26. h4 Rd8 27. Ke2 Rd5
28. g4 Rxe5 29. Bxe5 Nxe5 30. Rf4 Rc7 31. Re4 Nd7 32. c6 bxc6 33. g5 hxg5 34.
hxg5 Nb6 35. Rh1 Rd7 36. Rxe6 Na4 37. Rh6 Nxc3+ 38. Kf3 Rf7+ 39. Kg3 Nd5 40.
Rexg6+ Kf8 41. Rh8+ Ke7 42. Rxc6 Rg7 43. Rxc4 Rxg5+ 44. Kf3 Rf5+ 45. Ke4 Rg5 46.
Kd3 Rg3 47. Re4+ Kd6 48. Rd8+ 1-0

[Event "TCh-CHN 2019"]
[Site "China CHN"]
[Date "2019.11.21"]
[Round "16.3"]
[Board "4"]
[White "Ren, Xiaoyi"]
[Black "Tan, Zhongyi"]
[Result "0-1"]
[BlackTitle "GM"]
[WhiteElo "2253"]
[BlackElo "2502"]
[WhiteTeam "Chengdu Beilei Youth Chess Club"]
[BlackTeam "Chongqing Sports lottery chess team"]
[WhiteFideId "8608709"]
[BlackFideId "8603642"]
[EventDate "2019.04.09"]

1. d4 Nf6 2. c4 e6 3. Nf3 d5 4. Nc3 dxc4 5. e3 a6 6. a4 c5 7. Bxc4 Nc6 8. O-O
Be7 9. b3 O-O 10. Bb2 cxd4 11. exd4 Nb4 12. Rc1 b6 13. Qe2 Bb7 14. Ne5 Nbd5 15.
f3 Nxc3 16. Bxc3 Nd5 17. Bb2 Bg5 18. Rce1 b5 19. axb5 axb5 20. Bxb5 Ra2 21. Bd3
Nf4 22. Qc2 Nxd3 23. Nxd3 Bf6 24. Qb1 Ra5 25. Ne5 Bd5 26. b4 Ra2 27. Rf2 Qd6 28.
Bc3 Rxf2 29. Kxf2 Rc8 30. Qd3 Bh4+ 31. g3 Be7 32. Qd2 h6 33. b5 Qa3 34. Rc1 Rb8
35. Rb1 Rc8 36. Rc1 Bb4 37. Bb2 Rxc1 38. Qxc1 Qb3 39. Qc8+ Kh7 40. Bc1 f6 0-1

[Event "TCh-CHN 2019"]
[Site "China CHN"]
[Date "2019.11.21"]
[Round "16.3"]
[Board "5"]
[White "Lagno, Kateryna"]
[Black "Lei, Tingjie"]
[Result "1/2-1/2"]
[WhiteTitle "GM"]
[BlackTitle "GM"]
[WhiteElo "2547"]
[BlackElo "2483"]
[WhiteTeam "Chengdu Beilei Youth Chess Club"]
[BlackTeam "Chongqing Sports lottery chess team"]
[WhiteFideId "14109336"]
[BlackFideId "8605114"]
[EventDate "2019.04.09"]

1. e4 e5 2. Nf3 Nc6 3. Bb5 Nf6 4. d3 Bc5 5. Bxc6 dxc6 6. O-O Nd7 7. c3 O-O 8. d4
Bd6 9. Bg5 f6 10. Bh4 Qe8 11. Nbd2 Qf7 12. Bg3 Re8 13. Qc2 b6 14. Rfe1 a5 15.
Nf1 Nf8 16. Ne3 Ng6 17. Nf5 Be6 18. b3 a4 19. bxa4 Ra6 20. dxe5 Bxe5 21. Bxe5
Nxe5 22. N3d4 Bd7 23. Re3 Kh8 24. f4 Ng6 25. e5 fxe5 26. fxe5 Rxe5 27. Rxe5 Nxe5
28. Qe2 Ra5 29. Rf1 Qe8 30. Re1 Qf8 31. Rf1 Qe8 32. Re1 Qf8 33. Rf1 1/2-1/2

[Event "TCh-CHN 2019"]
[Site "China CHN"]
[Date "2019.11.21"]
[Round "16.4"]
[Board "1"]
[White "Ma, Qun"]
[Black "Lu, Shanglei"]
[Result "1/2-1/2"]
[WhiteTitle "GM"]
[BlackTitle "GM"]
[WhiteElo "2627"]
[BlackElo "2612"]
[WhiteTeam "Hangzhou Bank Team"]
[BlackTeam "Zhejiang team"]
[WhiteFideId "8603154"]
[BlackFideId "8603332"]
[EventDate "2019.04.09"]

1. d4 Nf6 2. c4 e6 3. Nc3 d5 4. cxd5 Nxd5 5. e4 Nxc3 6. bxc3 c5 7. Rb1 Be7 8.
Nf3 O-O 9. Bc4 a6 10. a4 Qc7 11. Be2 b6 12. O-O Bb7 13. d5 exd5 14. exd5 c4 15.
Qd4 Nd7 16. Bf4 Bd6 17. Bxd6 Qxd6 18. Bxc4 Nc5 19. Ng5 Qg6 20. Nf3 Qd6 21. Bb3
Rfd8 22. c4 b5 23. axb5 axb5 24. cxb5 Nxb3 25. Rxb3 Qxd5 26. Qxd5 Bxd5 27. Rb4
Bxf3 28. gxf3 Rab8 29. b6 Rb7 30. Rfb1 Rd6 31. Kf1 g6 32. Ke2 Re7+ 33. Kf1 Rb7
34. f4 f5 35. h4 h5 36. Ke2 Kf7 37. R1b3 Re7+ 38. Kf3 Rb7 39. Rb5 Re6 40. R3b4
Kf6 41. Rb3 1/2-1/2

[Event "TCh-CHN 2019"]
[Site "China CHN"]
[Date "2019.11.21"]
[Round "16.4"]
[Board "2"]
[White "Bai, Jinshi"]
[Black "Zvjaginsev, Vadim"]
[Result "1/2-1/2"]
[WhiteTitle "GM"]
[BlackTitle "GM"]
[WhiteElo "2600"]
[BlackElo "2627"]
[WhiteTeam "Hangzhou Bank Team"]
[BlackTeam "Zhejiang team"]
[WhiteFideId "8602280"]
[BlackFideId "4113403"]
[EventDate "2019.04.09"]

1. d4 d5 2. c4 e6 3. Nc3 Nf6 4. cxd5 exd5 5. Bg5 c6 6. e3 Be7 7. Bd3 Bg4 8. Qc2
Bh5 9. h3 Bg6 10. Bxg6 hxg6 11. Nf3 Nbd7 12. O-O O-O 13. Rab1 a5 14. a3 Re8 15.
Rfc1 Bd6 16. Na4 Qe7 17. Nc5 Bxc5 18. dxc5 a4 19. Qc3 Ra7 20. Qb4 Qe4 21. Bxf6
gxf6 22. Rd1 Qe7 23. Rbc1 Ne5 24. Nxe5 fxe5 25. e4 d4 26. Rd3 Raa8 27. Rf1 Rad8
28. Rc1 Ra8 29. Rf1 Rad8 30. Rc1 Ra8 1/2-1/2

[Event "TCh-CHN 2019"]
[Site "China CHN"]
[Date "2019.11.21"]
[Round "16.4"]
[Board "3"]
[White "Jakovenko, Dmitry"]
[Black "Xu, Minghui"]
[Result "1-0"]
[WhiteTitle "GM"]
[WhiteElo "2698"]
[BlackElo "2406"]
[WhiteTeam "Hangzhou Bank Team"]
[BlackTeam "Zhejiang team"]
[WhiteFideId "4122356"]
[BlackFideId "8606790"]
[EventDate "2019.04.09"]

1. e4 e5 2. Nf3 Nc6 3. Bb5 a6 4. Ba4 Nf6 5. O-O Nxe4 6. d4 b5 7. Bb3 d5 8. dxe5
Be6 9. Be3 Be7 10. c3 O-O 11. Re1 Qd7 12. Nbd2 Rad8 13. Bc2 Nxd2 14. Qxd2 Bf5
15. Rad1 Qe6 16. Nd4 Nxd4 17. cxd4 Bxc2 18. Qxc2 c6 19. f4 f5 20. Rc1 Rc8 21.
Qd2 Ra8 22. Rc2 a5 23. Rec1 Rfc8 24. h3 Kh8 25. Kh2 Rc7 26. Qd3 b4 27. g4 g6 28.
gxf5 gxf5 29. Rg2 Bh4 30. Rcg1 Rcc8 31. Bf2 Bxf2 32. Rxf2 Rg8 33. Rfg2 Rxg2+ 34.
Rxg2 h6 35. Qg3 Rg8 36. Qxg8+ Qxg8 37. Rxg8+ Kxg8 38. Kg3 Kf7 39. Kf3 a4 40. Ke3
Ke6 41. Kd3 h5 42. a3 1-0

[Event "TCh-CHN 2019"]
[Site "China CHN"]
[Date "2019.11.21"]
[Round "16.4"]
[Board "4"]
[White "Zhu, Jiner"]
[Black "Gu, Tianlu"]
[Result "1/2-1/2"]
[WhiteTitle "WIM"]
[BlackTitle "WIM"]
[WhiteElo "2461"]
[BlackElo "2261"]
[WhiteTeam "Zhejiang team"]
[BlackTeam "Hangzhou Bank Team"]
[WhiteFideId "8608059"]
[BlackFideId "8603995"]
[EventDate "2019.04.09"]

1. e4 e5 2. Nf3 Nc6 3. Bb5 a6 4. Ba4 Nf6 5. O-O b5 6. Bb3 Be7 7. Re1 d6 8. c3
O-O 9. d4 Bg4 10. d5 Na5 11. Bc2 c6 12. h3 Bc8 13. dxc6 Qc7 14. Nbd2 Qxc6 15.
Nf1 Re8 16. Ng3 Nc4 17. a4 Be6 18. Ng5 Bd7 19. b3 Na5 20. Bd2 Qc7 21. axb5 axb5
22. Qe2 Rec8 23. Reb1 h6 24. Nf3 Bf8 25. Qe1 Nc6 26. Bd3 Qb7 27. Qe2 Nd8 28. b4
Ne6 29. Nf1 Bc6 30. Rxa8 Rxa8 31. Re1 Nh5 32. g3 Nf6 33. Bc1 d5 34. exd5 Bxd5
35. Nxe5 Ra2 36. Qd1 Bd6 37. Ng4 Be7 38. Nge3 Ng5 39. Nd2 Nxh3+ 40. Kf1 Bf3 41.
Be2 Bxe2+ 42. Kxe2 Ne4 43. Qb3 Bf6 44. Nd1 Qa7 45. Qd5 Nhxf2 46. Kf3 Nxd2+ 47.
Bxd2 Nxd1 48. Rxd1 Qa8 49. Be1 Qxd5+ 50. Rxd5 Ra3 51. Rc5 Ra1 52. Bd2 Ra2 53.
Be1 Ra1 54. Ke2 Ra2+ 55. Kd3 Ra1 56. Bd2 Rd1 57. Kc2 Rg1 58. Bf4 g5 59. Bb8 h5
60. Rxb5 h4 61. gxh4 gxh4 62. Be5 Bxe5 63. Rxe5 h3 64. Rh5 Rg2+ 65. Kb3 h2 66.
b5 Kf8 67. Kb4 Ke7 68. Ka5 Kd6 69. Kb6 Rc2 70. Ka7 Rxc3 71. Rxh2 Ra3+ 72. Kb7 f5
73. b6 f4 74. Rh5 f3 75. Kb8 Rb3 76. b7 Kc6 77. Rh6+ Kd5 78. Kc7 Ke4 79. Re6+
Kd3 80. Rd6+ Ke2 81. Re6+ Kd1 82. Rd6+ Ke1 83. Re6+ Kd1 84. Rd6+ Ke1 85. Re6+ 1/2-1/2

[Event "TCh-CHN 2019"]
[Site "China CHN"]
[Date "2019.11.21"]
[Round "16.4"]
[Board "5"]
[White "Ding, Yixin"]
[Black "Girya, Olga"]
[Result "1/2-1/2"]
[WhiteTitle "WGM"]
[BlackTitle "WGM"]
[WhiteElo "2439"]
[BlackElo "2488"]
[WhiteTeam "Zhejiang team"]
[BlackTeam "Hangzhou Bank Team"]
[WhiteFideId "8602972"]
[BlackFideId "4195752"]
[EventDate "2019.04.09"]

1. Nf3 d5 2. g3 c6 3. Bg2 Bg4 4. O-O Nf6 5. d4 e6 6. c4 Nbd7 7. Qb3 Qb6 8. Nc3
Be7 9. Re1 O-O 10. c5 Qxb3 11. axb3 Bxf3 12. Bxf3 e5 13. e3 Rfe8 14. b4 a6 15.
Bd2 exd4 16. exd4 Nf8 17. Nb1 Ne6 18. Bc3 Bf8 19. Nd2 g6 20. Nb3 Bg7 21. h4 h5
22. Bg2 Nd7 23. Re2 Ndf8 24. Rae1 Re7 25. Bh3 Rae8 26. Bd2 Bf6 27. Kf1 Nh7 28.
Bxe6 Rxe6 29. Rxe6 fxe6 30. Bf4 Nf8 31. Ke2 Nd7 32. Kd3 Bd8 33. Re3 Nf6 34. f3
Kf7 35. Kc2 Nh7 36. Bd6 Rg8 37. Nc1 g5 38. hxg5 Bxg5 39. f4 Bf6 40. Kc3 Rg4 41.
Nd3 h4 42. gxh4 Rxh4 43. Rg3 Rh1 44. Be5 Rh6 45. Bd6 Rh1 46. Be5 Rh6 47. Bd6 1/2-1/2

[Event "TCh-CHN 2019"]
[Site "China CHN"]
[Date "2019.11.21"]
[Round "16.5"]
[Board "1"]
[White "Dai, Changren"]
[Black "Yu, Yangyi"]
[Result "1/2-1/2"]
[WhiteTitle "IM"]
[BlackTitle "GM"]
[WhiteElo "2511"]
[BlackElo "2738"]
[WhiteTeam "Zhihui Sports chess team of Tianjin"]
[BlackTeam "Beijing team"]
[WhiteFideId "8608156"]
[BlackFideId "8603820"]
[EventDate "2019.04.09"]

1. e4 c5 2. Nf3 Nc6 3. d4 cxd4 4. Nxd4 e6 5. Nc3 Qc7 6. Be3 a6 7. a3 b5 8. Nxc6
Qxc6 9. Qd4 Bb7 10. Be2 Rc8 11. O-O-O Nf6 12. e5 Nd5 13. Bf3 Bxa3 14. Bxd5 exd5
15. Kb1 O-O 16. Rd2 Bc5 17. Qxc5 Qxc5 18. Bxc5 Rxc5 19. Rd4 Re8 20. f4 Kf8 21.
Rhd1 Rc4 22. g3 Rxd4 23. Rxd4 d6 24. exd6 Rd8 25. b4 Bc6 26. Rd2 Rxd6 27. Ne4
Rd8 28. Nc5 Ra8 29. Nb3 Ke7 30. c3 Kd6 31. Ra2 g6 32. Kc2 Bb7 33. Kd3 Re8 34.
Re2 1/2-1/2

[Event "TCh-CHN 2019"]
[Site "China CHN"]
[Date "2019.11.21"]
[Round "16.5"]
[Board "2"]
[White "Wang, Yue"]
[Black "Li, Chao b"]
[Result "1/2-1/2"]
[WhiteTitle "GM"]
[BlackTitle "GM"]
[WhiteElo "2674"]
[BlackElo "2690"]
[WhiteTeam "Zhihui Sports chess team of Tianjin"]
[BlackTeam "Beijing team"]
[WhiteFideId "8601429"]
[BlackFideId "8604436"]
[EventDate "2019.04.09"]

1. d4 Nf6 2. c4 g6 3. Nc3 d5 4. Nf3 Bg7 5. h4 c6 6. cxd5 cxd5 7. Bf4 Nc6 8. e3
O-O 9. Qb3 a6 10. Be2 Na5 11. Qd1 Bg4 12. O-O Rc8 13. Ne5 Bxe2 14. Qxe2 Nc4 15.
Nxc4 Rxc4 16. Rac1 Nh5 17. Bh2 e6 18. g4 Nf6 19. g5 Nh5 20. b3 Rc6 21. Na4 Qd7
22. Rxc6 Qxc6 23. Nb2 Rc8 24. Nd3 Qb5 25. Rc1 Rxc1+ 26. Nxc1 Qxe2 27. Nxe2 Bf8
28. Kg2 Ba3 29. Be5 Kf8 30. Ng3 Nxg3 31. Kxg3 Ke7 1/2-1/2

[Event "TCh-CHN 2019"]
[Site "China CHN"]
[Date "2019.11.21"]
[Round "16.5"]
[Board "3"]
[White "Malakhov, Vladimir"]
[Black "Wang, Yiye"]
[Result "1/2-1/2"]
[WhiteTitle "GM"]
[BlackTitle "IM"]
[WhiteElo "2668"]
[BlackElo "2444"]
[WhiteTeam "Zhihui Sports chess team of Tianjin"]
[BlackTeam "Beijing team"]
[WhiteFideId "4120787"]
[BlackFideId "8606021"]
[EventDate "2019.04.09"]

1. Nf3 Nf6 2. c4 e6 3. Nc3 d5 4. e3 a6 5. b3 b6 6. Bb2 Bb7 7. cxd5 exd5 8. d4
Bd6 9. g3 Nbd7 10. Bg2 O-O 11. O-O Re8 12. Rc1 Rc8 13. Re1 Ne4 14. Re2 Qe7 15.
Rec2 Ndf6 16. Ne5 Nxc3 17. Rxc3 c5 18. Nd3 Ne4 19. R3c2 Qe6 20. dxc5 bxc5 21.
Qh5 g6 22. Qd1 f6 23. Ba1 c4 24. Nf4 Bxf4 25. gxf4 cxb3 26. axb3 Rxc2 27. Rxc2
Rc8 28. Rxc8+ Bxc8 29. Qd4 Kf7 30. Bf3 Bd7 31. Bb2 Bb5 32. Bg2 Qc6 33. h4 Qe6
34. Kh2 Kg7 35. f3 Nd6 36. Qb6 Kf7 37. Bh3 f5 38. Qd4 Ne8 39. h5 Nf6 40. h6 Qc6
41. Bg2 Qd6 42. Kg1 Qe7 43. Bc3 Ke6 44. Qb6+ Kf7 45. Bxf6 Qxf6 46. Qb7+ Qe7 47.
Qxd5+ Kf8 48. Qe5 Qf7 49. b4 Bc4 50. Qc5+ Ke8 51. Qc8+ Ke7 52. Qc7+ Ke8 53.
Qxf7+ Kxf7 54. Bf1 Bxf1 55. Kxf1 Kf6 56. e4 g5 57. e5+ Kg6 58. fxg5 Kxg5 59. f4+
Kxh6 60. Ke2 Kg6 61. Ke3 Kf7 62. Kd4 Ke6 63. Kc4 Kd7 64. Kc5 Ke6 65. Kb6 h5 66.
Kxa6 h4 67. b5 h3 68. b6 h2 69. b7 h1=Q 70. b8=Q Qf1+ 71. Ka7 Qa1+ 72. Kb7 Qh1+
73. Kc7 Qc1+ 74. Kb7 Qh1+ 75. Kb6 Qb1+ 76. Ka7 Qa1+ 77. Kb7 Qh1+ 78. Ka7 1/2-1/2